<?xml version="1.0" encoding="UTF-8"?>
<record
    xmlns:xsi="http://www.w3.org/2001/XMLSchema-instance"
    xsi:schemaLocation="http://www.loc.gov/MARC21/slim http://www.loc.gov/standards/marcxml/schema/MARC21slim.xsd"
    xmlns="http://www.loc.gov/MARC21/slim">

  <leader>01462    a2200289   4500</leader>
  <controlfield tag="003">NALT</controlfield>
  <controlfield tag="005">20210921142302.0</controlfield>
  <controlfield tag="008">210325b        th ||||| |||| 00| 0 tha d</controlfield>
  <datafield tag="020" ind1=" " ind2=" ">
    <subfield code="a">9786168209189</subfield>
  </datafield>
  <datafield tag="040" ind1="1" ind2=" ">
    <subfield code="a">NALT</subfield>
  </datafield>
  <datafield tag="041" ind1="1" ind2=" ">
    <subfield code="a">tha</subfield>
    <subfield code="h">eng</subfield>
  </datafield>
  <datafield tag="050" ind1=" " ind2=" ">
    <subfield code="a">BJ 1451</subfield>
    <subfield code="b">&#xE2D;664&#xE04; 2563</subfield>
  </datafield>
  <datafield tag="100" ind1="1" ind2=" ">
    <subfield code="a">&#xE2D;&#xE32;&#xE40;&#xE23;&#xE19;&#xE17;&#xE4C;, &#xE2E;&#xE31;&#xE19;&#xE19;&#xE32;&#xE2B;&#xE4C;</subfield>
    <subfield code="9">54111</subfield>
  </datafield>
  <datafield tag="245" ind1="1" ind2="0">
    <subfield code="a">&#xE04;&#xE27;&#xE32;&#xE21;&#xE23;&#xE31;&#xE1A;&#xE1C;&#xE34;&#xE14;&#xE0A;&#xE2D;&#xE1A;&#xE2A;&#xE48;&#xE27;&#xE19;&#xE1A;&#xE38;&#xE04;&#xE04;&#xE25;&#xE02;&#xE2D;&#xE07;&#xE21;&#xE19;&#xE38;&#xE29;&#xE22;&#xE4C;&#xE43;&#xE15;&#xE49;&#xE40;&#xE1C;&#xE14;&#xE47;&#xE08;&#xE01;&#xE32;&#xE23; =</subfield>
    <subfield code="b">Personal responsibility under dictatorship / </subfield>
    <subfield code="c">&#xE2E;&#xE31;&#xE19;&#xE19;&#xE32;&#xE2B;&#xE4C; &#xE2D;&#xE32;&#xE40;&#xE23;&#xE19;&#xE17;&#xE4C; &#xE40;&#xE02;&#xE35;&#xE22;&#xE19; ; &#xE40;&#xE19;&#xE15;&#xE34;&#xE27;&#xE34;&#xE17;&#xE22;&#xE4C; &#xE42;&#xE0A;&#xE15;&#xE34;&#xE20;&#xE31;&#xE17;&#xE23;&#xE4C;&#xE44;&#xE1E;&#xE28;&#xE32;&#xE25; &#xE41;&#xE25;&#xE30;&#xE27;&#xE28;&#xE34;&#xE19;&#xE35; &#xE1E;&#xE1A;&#xE39;&#xE1B;&#xE23;&#xE30;&#xE20;&#xE32;&#xE1E;, &#xE41;&#xE1B;&#xE25;.</subfield>
  </datafield>
  <datafield tag="246" ind1="3" ind2="1">
    <subfield code="a"> Personal responsibility under dictatorship.</subfield>
  </datafield>
  <datafield tag="250" ind1=" " ind2=" ">
    <subfield code="a">&#xE1E;&#xE34;&#xE21;&#xE1E;&#xE4C;&#xE04;&#xE23;&#xE31;&#xE49;&#xE07;&#xE41;&#xE23;&#xE01;</subfield>
  </datafield>
  <datafield tag="260" ind1=" " ind2=" ">
    <subfield code="a">&#xE01;&#xE23;&#xE38;&#xE07;&#xE40;&#xE17;&#xE1E;&#xE2F; :</subfield>
    <subfield code="b">&#xE2A;&#xE33;&#xE19;&#xE31;&#xE01;&#xE19;&#xE34;&#xE2A;&#xE34;&#xE15;&#xE2A;&#xE32;&#xE21;&#xE22;&#xE48;&#xE32;&#xE19;,</subfield>
    <subfield code="c">2563.</subfield>
  </datafield>
  <datafield tag="300" ind1=" " ind2=" ">
    <subfield code="a">52 &#xE2B;&#xE19;&#xE49;&#xE32; ;</subfield>
    <subfield code="c">18 &#xE0B;&#xE21;.</subfield>
  </datafield>
  <datafield tag="650" ind1=" " ind2="4">
    <subfield code="9">46430</subfield>
    <subfield code="a">&#xE04;&#xE27;&#xE32;&#xE21;&#xE23;&#xE31;&#xE1A;&#xE1C;&#xE34;&#xE14;&#xE0A;&#xE2D;&#xE1A;&#xE15;&#xE48;&#xE2D;&#xE2A;&#xE31;&#xE07;&#xE04;&#xE21;</subfield>
  </datafield>
  <datafield tag="650" ind1=" " ind2="4">
    <subfield code="9">9484</subfield>
    <subfield code="a">&#xE40;&#xE1C;&#xE14;&#xE47;&#xE08;&#xE01;&#xE32;&#xE23;</subfield>
  </datafield>
  <datafield tag="700" ind1="1" ind2=" ">
    <subfield code="9">54112</subfield>
    <subfield code="a">Arendt, Hannah.</subfield>
  </datafield>
  <datafield tag="700" ind1="0" ind2=" ">
    <subfield code="9">37267</subfield>
    <subfield code="a">&#xE40;&#xE19;&#xE15;&#xE34;&#xE27;&#xE34;&#xE17;&#xE22;&#xE4C; &#xE42;&#xE0A;&#xE15;&#xE34;&#xE20;&#xE31;&#xE17;&#xE23;&#xE4C;&#xE44;&#xE1E;&#xE28;&#xE32;&#xE25;</subfield>
  </datafield>
  <datafield tag="700" ind1="0" ind2=" ">
    <subfield code="9">54113</subfield>
    <subfield code="a">&#xE27;&#xE28;&#xE34;&#xE19;&#xE35; &#xE1E;&#xE1A;&#xE39;&#xE1B;&#xE23;&#xE30;&#xE20;&#xE32;&#xE1E;</subfield>
  </datafield>
  <datafield tag="850" ind1=" " ind2=" ">
    <subfield code="a">NALT</subfield>
  </datafield>
  <datafield tag="942" ind1=" " ind2=" ">
    <subfield code="2">lcc</subfield>
    <subfield code="c">GB</subfield>
  </datafield>
  <datafield tag="998" ind1=" " ind2=" ">
    <subfield code="c">103</subfield>
    <subfield code="b">phon</subfield>
    <subfield code="j">104</subfield>
    <subfield code="k"> &#xE2A;&#xE32;&#xE22;&#xE1D;&#xE19; &#xE14;&#xE35;&#xE07;&#xE32;&#xE21;</subfield>
  </datafield>
  <datafield tag="999" ind1=" " ind2=" ">
    <subfield code="c">98131</subfield>
    <subfield code="d">98131</subfield>
  </datafield>
  <datafield tag="952" ind1=" " ind2=" ">
    <subfield code="0">0</subfield>
    <subfield code="1">0</subfield>
    <subfield code="2">lcc</subfield>
    <subfield code="4">0</subfield>
    <subfield code="7">0</subfield>
    <subfield code="8">CGBL</subfield>
    <subfield code="a">NALT</subfield>
    <subfield code="b">NALT</subfield>
    <subfield code="c">GEN</subfield>
    <subfield code="d">2021-04-05</subfield>
    <subfield code="e">1</subfield>
    <subfield code="o">BJ 1451 &#xE2D;664&#xE04; 2563</subfield>
    <subfield code="p">3961211914</subfield>
    <subfield code="r">2021-11-11 00:00:00</subfield>
    <subfield code="w">2021-04-05</subfield>
    <subfield code="y">GB</subfield>
  </datafield>
</record>
